| 000 | 00368nam a2200145Ia 4500 | ||
|---|---|---|---|
| 005 | 20251222141902.0 | ||
| 008 | 251222s9999||||xx |||||||||||||| ||spa|| | ||
| 020 | _a843590363X | ||
| 082 | _a465/O53 | ||
| 100 | _aOnieva Morales, Juan Luis | ||
| 245 | 0 | _aCómo Dominar el Análisis Gramatical Básico | |
| 250 | _a11va.ed. | ||
| 264 | _bEditorial Playor | ||
| 942 | _cLIB | ||
| 999 |
_c8095 _d8095 |
||